IFM Opac

Research Methodology: (Record no. 22216)

MARC details
000 -LEADER
fixed length control field 00351nam a22001337a 4500
020 ## - INTERNATIONAL STANDARD BOOK NUMBER
ISBN 978-81-224-1522-3
082 ## - DEWEY DECIMAL CLASSIFICATION NUMBER
Classification number 001.42
100 ## - MAIN ENTRY--AUTHOR NAME
Personal name Kothari, C. R.
245 ## - TITLE STATEMENT
Title Research Methodology:
Sub Title Methods and Techniques
250 ## - EDITION STATEMENT
Edition statement 2nd
260 ## - PUBLICATION, DISTRIBUTION, ETC. (IMPRINT)
Place of publication New Delhi:
Name of publisher New Age International Publishers,
Year of publication 2004
300 ## - PHYSICAL DESCRIPTION
Number of Pages xiv, 401p.: ill.; 24cm
942 ## - ADDED ENTRY ELEMENTS (KOHA)
Koha item type Books
Holdings
Withdrawn status Lost status Damaged status Not for loan Collection code Permanent Location Current Location Shelving location Date acquired Source of acquisition Full call number Accession Number Price effective from Koha item type
        Non-fiction IFM Main Campus Library IFM Main Campus Library Work Room processing 01/26/2026 Purchased 001.42 KOT 0000029825 01/26/2026 Books